000 00399cam a2200169u 4500
001 1926
005 20260409064401.0
008 810311s1967 fr 000 0 fre
010 _aunk80013861
050 0 0 _aBT890
_b.D78
100 1 _aDuby, Georges.
245 0 2 _aL'An mil,
260 _a[Paris]
_bJulliard,
_c1967.
300 _a237 p. ;
_c18 cm.
500 _aCover title.
942 _2ddc
_cBOOK
_n0
999 _c1926
_d1926